Pokrízové financovanie v EÚ
Financovanie súkromného sektora. Výška úrokových sadzieb. Dostupnosť úverov. Financovanie verejného sektora. Rastúce deficity a rast verejného dlhu. Otázka oddlžovania ako jedna z najdiskutovanejších tém v EÚ.
Saved in:
| Main Author: | |
|---|---|
| Format: | Book Chapter |
| Language: | Slovak |
| Subjects: | |
| Tags: |
No Tags, Be the first to tag this record!
|
MARC
| LEADER | 00000nla$a2200000$$$4500 | ||
|---|---|---|---|
| 001 | 0125369 | ||
| 005 | 20240502083318.0 | ||
| 041 | 0 | |a slo | |
| 044 | |a CZ | ||
| 245 | 1 | 0 | |a Pokrízové financovanie v EÚ |c Paula Puškárová |
| 520 | |a Financovanie súkromného sektora. Výška úrokových sadzieb. Dostupnosť úverov. Financovanie verejného sektora. Rastúce deficity a rast verejného dlhu. Otázka oddlžovania ako jedna z najdiskutovanejších tém v EÚ. | ||
| 610 | 2 | 0 | |a financie verejné |
| 610 | 2 | 0 | |a financovanie |
| 610 | 2 | 0 | |a sadzby úrokové |
| 610 | 2 | 0 | |a úver bankový |
| 610 | 2 | 0 | |a sektor súkromný |
| 610 | 2 | 0 | |a sektor verejný |
| 610 | 2 | 0 | |a zadlženosť |
| 610 | 2 | 0 | |a dlhy |
| 610 | 2 | 0 | |a banky |
| 610 | 2 | 0 | |a kríza finančná |
| 610 | 2 | 0 | |a Európska únia |
| 100 | 1 | |a Puškárová, Paula, 1985- | |